[Event "26. Torneo Collado Villalba B"]
[Site "Collado Villalba ESP"]
[Date "2009.08.27"]
[Round "7.16"]
[White "Arranz Maurelle, Gustavo"]
[Black "Sadaba Rodriguez, Igor"]
[Result "1-0"]
[WhiteElo "1816"]
[BlackElo "1674"]
[PlyCount "59"]
[EventDate "2009.08.21"]
[EventType "swiss"]
[EventRounds "9"]
[EventCountry "ESP"]
[Source "lmi"]
[SourceDate "2009.08.21"]

1. e4 c6 2. Nc3 d5 3. Nf3 dxe4 4. Nxe4 Bg4 5. h3 Bxf3 6. Qxf3 e6 7. Be2 Nd7 8.
c3 Ngf6 9. d4 Nxe4 10. Qxe4 Nf6 11. Qc2 Be7 12. O-O Qc7 13. b4 O-O 14. Bd3 Rfd8
15. Bg5 g6 16. f4 Nd5 17. Bxe7 Qxe7 18. Rae1 Qf6 19. Rf3 Ne7 20. Ref1 Rd5 21.
g4 Qg7 22. Qg2 f5 23. Bc4 Rd6 24. Re3 Nd5 25. Bxd5 exd5 26. g5 Qf7 27. Rfe1 Rd7
28. Qe2 Kf8 29. Re6 Qg7 30. Re8+ 1-0

[Event "26. Torneo Collado Villalba B"]
[Site "Collado Villalba ESP"]
[Date "2009.08.27"]
[Round "7.17"]
[White "Benito Alba, Eladio"]
[Black "Fernandez Gil, Ruben Carlos"]
[Result "1/2-1/2"]
[WhiteElo "1807"]
[BlackElo "1596"]
[PlyCount "50"]
[EventDate "2009.08.21"]
[EventType "swiss"]
[EventRounds "9"]
[EventCountry "ESP"]
[Source "lmi"]
[SourceDate "2009.08.21"]

1. d4 d5 2. c4 e6 3. Nf3 Nf6 4. g3 c6 5. Bg2 Nbd7 6. b3 Be7 7. O-O O-O 8. Nc3
Qc7 9. Bb2 a6 10. Rc1 Rd8 11. Re1 Nf8 12. Qc2 Ng6 13. e4 dxe4 14. Nxe4 Nxe4 15.
Qxe4 Bf6 16. Red1 Bd7 17. Qe2 Qb6 18. Ne5 Nxe5 19. dxe5 Be7 20. Rd3 Be8 21.
Rcd1 Rxd3 22. Rxd3 Rd8 23. Bc3 c5 24. Qd2 Rxd3 25. Qxd3 Bc6 1/2-1/2

[Event "26. Torneo Collado Villalba B"]
[Site "Collado Villalba ESP"]
[Date "2009.08.27"]
[Round "7.18"]
[White "Cepas Castillo, Juan Carlos"]
[Black "Fernandez Martinez, Jose"]
[Result "0-1"]
[WhiteElo "1618"]
[BlackElo "1801"]
[PlyCount "61"]
[EventDate "2009.08.21"]
[EventType "swiss"]
[EventRounds "9"]
[EventCountry "ESP"]
[Source "lmi"]
[SourceDate "2009.08.21"]

1. e4 e5 2. Nf3 Nc6 3. Bc4 Bc5 4. c3 Nf6 5. d3 O-O 6. O-O d6 7. a4 a6 8. Be3
Bxe3 9. fxe3 Na5 10. Ba2 Bd7 11. Nbd2 c5 12. b4 cxb4 13. cxb4 Nc6 14. Rb1 b5
15. d4 Qb6 16. a5 Qa7 17. Bd5 Rac8 18. Bxc6 Bxc6 19. d5 Qxe3+ 20. Kh1 Bd7 21.
Rb3 Qa7 22. Qe1 Rc2 23. Ng5 h6 24. Nh3 Qc7 25. Rbf3 Rc3 26. Rxf6 gxf6 27. Qh4
Rc1 28. Qxf6 Rxf1+ 29. Nxf1 Qc1 30. Kg1 Bxh3 31. Kh1 0-1

[Event "26. Torneo Collado Villalba B"]
[Site "Collado Villalba ESP"]
[Date "2009.08.27"]
[Round "7.19"]
[White "Juberias Guillen, Paloma"]
[Black "Sierra Soria, Maria"]
[Result "1-0"]
[WhiteElo "1556"]
[BlackElo "1776"]
[PlyCount "91"]
[EventDate "2009.08.21"]
[EventType "swiss"]
[EventRounds "9"]
[EventCountry "ESP"]
[Source "lmi"]
[SourceDate "2009.08.21"]

1. d4 d5 2. c4 dxc4 3. Nc3 e5 4. e3 exd4 5. exd4 Nf6 6. Bxc4 Be7 7. Qa4+ c6 8.
Qb3 O-O 9. Nge2 Qc7 10. h3 Bf5 11. Bf4 Qd7 12. Rd1 a5 13. Bd3 Be6 14. Qc2 h6
15. O-O Na6 16. a3 Nc7 17. Na4 Ncd5 18. Nc5 Qc8 19. Bh2 Rd8 20. Nxe6 fxe6 21.
Rfe1 c5 22. Bc4 Qc6 23. dxc5 Bxc5 24. Nd4 Bxd4 25. Rxd4 Rac8 26. Qe2 Kf7 27.
Bb3 Re8 28. Rc4 Qb5 29. Ba2 Rxc4 30. Bxc4 Qb6 31. Be5 Re7 32. Qd3 Qc6 33. Bb5
Qb6 34. Ba4 Qc5 35. Bc2 Rd7 36. Bd4 Nf4 37. Qg6+ Nxg6 38. Bxc5 Rc7 39. Bxg6+
Kxg6 40. Bb6 Rc2 41. Bxa5 Rxb2 42. Rxe6 Kf5 43. Re7 g6 44. g3 Ne4 45. Bb4 Kf6
46. Rxe4 1-0

[Event "26. Torneo Collado Villalba B"]
[Site "Collado Villalba ESP"]
[Date "2009.08.27"]
[Round "7.21"]
[White "Alvarez Luis, Jose L"]
[Black "Monmeneu Chulia, Vicente Juan"]
[Result "0-1"]
[WhiteElo "1671"]
[BlackElo "1999"]
[PlyCount "65"]
[EventDate "2009.08.21"]
[EventType "swiss"]
[EventRounds "9"]
[EventCountry "ESP"]
[Source "lmi"]
[SourceDate "2009.08.21"]

1. d4 Nf6 2. Nf3 g6 3. e3 Bg7 4. c3 b6 5. Bd3 Bb7 6. O-O O-O 7. Nbd2 d6 8. Qe2
Nbd7 9. Re1 e5 10. e4 exd4 11. cxd4 Re8 12. Qd1 Re7 13. Qc2 Qe8 14. Qxc7 Nc5
15. Bb5 Rxc7 16. Bxe8 Rxe8 17. dxc5 dxc5 18. e5 Ng4 19. h3 Nxe5 20. Nxe5 Rxe5
21. Rxe5 Bxe5 22. Nc4 Bd4 23. Nd6 Ba6 24. Bh6 Re7 25. Bf4 Re2 26. Be3 Bxe3 27.
fxe3 Rxe3 28. a3 Kf8 29. b4 Ke7 30. Rd1 Re6 31. b5 Rxd6 32. Rxd6 Kxd6 33. bxa6
0-1

[Event "26. Torneo Collado Villalba B"]
[Site "Collado Villalba ESP"]
[Date "2009.08.27"]
[Round "7.22"]
[White "Casas Rios, Ramon"]
[Black "Orantes Sanz, Ricardo"]
[Result "1-0"]
[WhiteElo "1879"]
[BlackElo "1639"]
[PlyCount "81"]
[EventDate "2009.08.21"]
[EventType "swiss"]
[EventRounds "9"]
[EventCountry "ESP"]
[Source "lmi"]
[SourceDate "2009.08.21"]

1. e4 Nf6 2. Nc3 d5 3. exd5 Nxd5 4. Bc4 Nxc3 5. bxc3 e6 6. Nf3 Be7 7. O-O b6 8.
Ne5 Bb7 9. Qg4 O-O 10. d4 Bd5 11. Bh6 Bf6 12. Bd3 Nd7 13. c4 Nxe5 14. dxe5 Bxe5
15. cxd5 Bxa1 16. Qe4 f5 17. Qxe6+ Rf7 18. Rxa1 gxh6 19. Bxf5 Qf6 20. Qxf6 Rxf6
21. Be6+ Kf8 22. a4 Rd8 23. g3 Ke7 24. a5 b5 25. f4 Kd6 26. f5 Kc5 27. Rb1 c6
28. c4 Rb8 29. dxc6 Kxc6 30. cxb5+ Kc5 31. Bd7 h5 32. a6 Rd6 33. Rc1+ Kb6 34.
Rc6+ Rxc6 35. bxc6 Kc7 36. Kf2 Rb2+ 37. Ke3 Rxh2 38. f6 Rc2 39. f7 Rc3+ 40. Ke4
Rc4+ 41. Kd5 1-0

[Event "26. Torneo Collado Villalba B"]
[Site "Collado Villalba ESP"]
[Date "2009.08.28"]
[Round "8.1"]
[White "Cano Cabanillas, Javier"]
[Black "Piriz Fernandez, Daniel"]
[Result "1-0"]
[WhiteElo "1968"]
[BlackElo "1793"]
[PlyCount "105"]
[EventDate "2009.08.21"]
[EventType "swiss"]
[EventRounds "9"]
[EventCountry "ESP"]
[Source "lmi"]
[SourceDate "2009.08.21"]

1. e4 e6 2. d4 d5 3. e5 c5 4. c3 Qb6 5. Nf3 Nc6 6. Bd3 Bd7 7. O-O cxd4 8. cxd4
Nxd4 9. Nxd4 Qxd4 10. Nc3 a6 11. Qe2 Ne7 12. Rd1 Nc6 13. Bxa6 Qxe5 14. Bxb7
Qxe2 15. Nxe2 Rb8 16. Bxc6 Bxc6 17. b3 e5 18. Bb2 Bd6 19. Rac1 Kd7 20. f3 f6
21. Kf2 Ra8 22. Ra1 Rhb8 23. g4 h6 24. h4 Rb7 25. Bc3 Rba7 26. a4 Rb7 27. Rdb1
Ke6 28. a5 Bb5 29. Rb2 Ba6 30. b4 Rab8 31. Rab1 Bc7 32. Ra1 Rb5 33. h5 Kf7 34.
Ng3 d4 35. Be1 Rxa5 36. Rxa5 Bxa5 37. Ra2 Bxb4 38. Rxa6 Bxe1+ 39. Kxe1 Rb1+ 40.
Ke2 Rb2+ 41. Kd1 Rb3 42. Ke2 Rb2+ 43. Kd3 Rb3+ 44. Ke4 Re3+ 45. Kd5 Rxf3 46.
Ra7+ Kg8 47. Nf5 Kh8 48. Ne7 g6 49. Nxg6+ Kg8 50. Ne7+ Kf8 51. Nf5 Rf4 52. Ke6
Kg8 53. Ne7+ 1-0

[Event "26. Torneo Collado Villalba B"]
[Site "Collado Villalba ESP"]
[Date "2009.08.28"]
[Round "8.2"]
[White "Greciano Reiskila, Miguel C"]
[Black "Rodriguez Ballespin, Daniel"]
[Result "1/2-1/2"]
[WhiteElo "1964"]
[BlackElo "1937"]
[PlyCount "64"]
[EventDate "2009.08.21"]
[EventType "swiss"]
[EventRounds "9"]
[EventCountry "ESP"]
[Source "lmi"]
[SourceDate "2009.08.21"]

1. c4 e5 2. Nc3 d6 3. g3 g6 4. Bg2 Bg7 5. Nf3 Nd7 6. O-O Ngf6 7. d3 O-O 8. Rb1
c6 9. Bd2 Rb8 10. Qc1 a5 11. Bh6 Qe7 12. Bxg7 Kxg7 13. Nd2 Nc5 14. a3 h5 15. h4
Bf5 16. b4 axb4 17. axb4 Nxd3 18. exd3 Bxd3 19. Rd1 Bxb1 20. Qxb1 Rfd8 21. Nde4
Nxe4 22. Qxe4 f5 23. Qe3 Qf6 24. b5 e4 25. bxc6 bxc6 26. Ne2 d5 27. cxd5 cxd5
28. Qa7+ Qf7 29. Qd4+ Qf6 30. Nf4 Qxd4 31. Rxd4 Rb1+ 32. Kh2 Kf7 1/2-1/2

[Event "26. Torneo Collado Villalba B"]
[Site "Collado Villalba ESP"]
[Date "2009.08.28"]
[Round "8.3"]
[White "Garcia Serrano, Jose M"]
[Black "Martin Duque, Jesus"]
[Result "1-0"]
[WhiteElo "1908"]
[BlackElo "1930"]
[PlyCount "97"]
[EventDate "2009.08.21"]
[EventType "swiss"]
[EventRounds "9"]
[EventCountry "ESP"]
[Source "lmi"]
[SourceDate "2009.08.21"]

1. e4 e6 2. d4 d5 3. Nc3 Bb4 4. e5 b6 5. Qg4 Bf8 6. Nf3 Nc6 7. a3 a5 8. Bb5 Bb7
9. Bg5 Qd7 10. h4 h6 11. Bd2 Nge7 12. h5 Nc8 13. Qf4 N8a7 14. Bd3 Be7 15. Rh3
Rg8 16. Qg4 O-O-O 17. Bh7 Rge8 18. Qxg7 Bf8 19. Qf6 Qe7 20. Qxe7 Nxe7 21. g4 c5
22. O-O-O cxd4 23. Nxd4 Nac6 24. Nxc6 Nxc6 25. f4 Ba6 26. Be1 Bg7 27. Bh4 Rd7
28. Bd3 Bxd3 29. Rhxd3 Rg8 30. Rg1 Bh8 31. Rdg3 Nd4 32. Kd2 Rc7 33. Kd3 Rc4 34.
b3 Rxc3+ 35. Kxc3 Ne2+ 36. Kd2 Nxg1 37. Rxg1 Bg7 38. Bf6 Bxf6 39. exf6 Kd7 40.
g5 Ke8 41. g6 b5 42. g7 Kd7 43. Kd3 Kd6 44. Kd4 Kc6 45. c3 Kd6 46. a4 Kc6 47.
axb5+ Kxb5 48. Ke5 Kc5 49. Rg6 1-0

[Event "26. Torneo Collado Villalba B"]
[Site "Collado Villalba ESP"]
[Date "2009.08.28"]
[Round "8.4"]
[White "Camarero Izquierdo, Juan C"]
[Black "Fernandez-Gallardo Romero, Alva"]
[Result "0-1"]
[WhiteElo "1950"]
[BlackElo "1640"]
[PlyCount "120"]
[EventDate "2009.08.21"]
[EventType "swiss"]
[EventRounds "9"]
[EventCountry "ESP"]
[Source "lmi"]
[SourceDate "2009.08.21"]

1. e4 c5 2. Nf3 d6 3. d4 cxd4 4. Nxd4 Nf6 5. Nc3 a6 6. Bg5 e6 7. f3 h6 8. Be3
b5 9. Qd2 Bb7 10. O-O-O Nbd7 11. g4 Be7 12. h4 b4 13. Nce2 d5 14. exd5 Nxd5 15.
Kb1 Ne5 16. Nf4 Nxf4 17. Bxf4 Nxf3 18. Qg2 Nd2+ 19. Qxd2 Bxh1 20. Be2 Bd5 21.
g5 hxg5 22. hxg5 Rh1 23. Rxh1 Bxh1 24. g6 Bf6 25. gxf7+ Kxf7 26. Be3 Bxd4 27.
Bxd4 Be4 28. Qe3 Qd5 29. b3 Qf5 30. Qg3 Qg6 31. Qh2 Kg8 32. Bc4 Rd8 33. Qe5 Bd5
34. Bxa6 Qf7 35. Bd3 Rc8 36. Qh2 Kf8 37. Qg1 Kg8 38. Qh2 Kf8 39. Be5 g6 40.
Qh6+ Ke7 41. Qg5+ Kd7 42. Qe3 Kc6 43. Qd4 Qe7 44. c4 bxc3 45. Qxc3+ Qc5 46. Qe1
Kd7 47. Bb2 Rf8 48. Bxg6 Qf2 49. Qxf2 Rxf2 50. b4 Kd6 51. a4 e5 52. b5 e4 53.
Ba3+ Kc7 54. Bc5 Rf6 55. Bh5 Bc4 56. Kc2 Rf5 57. b6+ Kb7 58. Bg6 Rxc5 59. Kc3
Bd3+ 60. Kb4 Kxb6 0-1

[Event "26. Torneo Collado Villalba B"]
[Site "Collado Villalba ESP"]
[Date "2009.08.28"]
[Round "8.5"]
[White "Avendano Mateos, Jose"]
[Black "Valderrama Arroyo, Victor"]
[Result "1/2-1/2"]
[WhiteElo "1925"]
[BlackElo "1882"]
[PlyCount "46"]
[EventDate "2009.08.21"]
[EventType "swiss"]
[EventRounds "9"]
[EventCountry "ESP"]
[Source "lmi"]
[SourceDate "2009.08.21"]

1. c4 g6 2. Nc3 c5 3. e4 Bg7 4. g3 Nc6 5. Bg2 e6 6. Nge2 Nge7 7. O-O O-O 8. d3
d6 9. Rb1 Nd4 10. Nxd4 cxd4 11. Ne2 e5 12. b4 a6 13. a4 b5 14. cxb5 axb5 15. a5
Bb7 16. f4 f5 17. Qb3+ Kh8 18. exf5 Bxg2 19. Kxg2 Nxf5 20. fxe5 dxe5 21. Bd2
Qd7 22. Kg1 Rae8 23. Rf3 e4 1/2-1/2

[Event "26. Torneo Collado Villalba B"]
[Site "Collado Villalba ESP"]
[Date "2009.08.28"]
[Round "8.6"]
[White "Montero Garcia, Fco  Javier"]
[Black "Fernandez Garcia, Javier"]
[Result "0-1"]
[WhiteElo "1912"]
[BlackElo "1923"]
[PlyCount "64"]
[EventDate "2009.08.21"]
[EventType "swiss"]
[EventRounds "9"]
[EventCountry "ESP"]
[Source "lmi"]
[SourceDate "2009.08.21"]

1. Nf3 d5 2. d4 e6 3. c4 c6 4. g3 dxc4 5. Bg2 b5 6. O-O Nd7 7. a4 Bb7 8. Na3 a6
9. Bf4 Ngf6 10. Ne5 Nd5 11. e4 Nxf4 12. gxf4 Nxe5 13. fxe5 Be7 14. Qg4 O-O 15.
Rad1 Bxa3 16. bxa3 Qa5 17. Kh1 Qxa4 18. f4 Qxa3 19. Rf3 Qe7 20. f5 f6 21. fxe6
fxe5 22. dxe5 Rad8 23. Rxf8+ Qxf8 24. Rf1 Qa3 25. Qg5 Rf8 26. Rd1 Bc8 27. e7
Re8 28. Rd8 Qa1+ 29. Bf1 Qxf1+ 30. Qg1 Qxg1+ 31. Kxg1 Kf7 32. e6+ Kxe7 0-1

[Event "26. Torneo Collado Villalba B"]
[Site "Collado Villalba ESP"]
[Date "2009.08.28"]
[Round "8.7"]
[White "Sebastian Enesco, Alex"]
[Black "Tarin Casado, Francisco"]
[Result "0-1"]
[WhiteElo "1752"]
[BlackElo "1863"]
[PlyCount "154"]
[EventDate "2009.08.21"]
[EventType "swiss"]
[EventRounds "9"]
[EventCountry "ESP"]
[Source "lmi"]
[SourceDate "2009.08.21"]

1. e4 c6 2. d4 d5 3. exd5 cxd5 4. c4 Nf6 5. Nc3 Nc6 6. Nf3 Bg4 7. Be3 e6 8. Be2
Be7 9. Qb3 O-O 10. cxd5 Nxd5 11. Nxd5 Qxd5 12. Qxd5 exd5 13. O-O Bf6 14. Rfd1
Rfe8 15. Kf1 Re6 16. h3 Bh5 17. g4 Bg6 18. a3 Rae8 19. Bb5 a6 20. Ba4 h6 21.
Rac1 b5 22. Bc2 Bxc2 23. Rxc2 Na5 24. Nd2 Nc4 25. Nxc4 bxc4 26. Re2 Rb8 27.
Rdd2 Rb3 28. Kg2 Reb6 29. Rc2 Rd3 30. Red2 Rbb3 31. Kf1 Bg5 32. Rxd3 Rxd3 33.
Rc3 Rd1+ 34. Ke2 Rb1 35. b4 cxb3 36. Bxg5 hxg5 37. Kd2 Rb2+ 38. Kc1 Rxf2 39.
Rxb3 Rf4 40. Rb8+ Kh7 41. Ra8 Rxd4 42. Rxa6 Rd3 43. a4 Rxh3 44. a5 Ra3 45. Ra8
Ra4 46. a6 Rxg4 47. a7 Ra4 48. Kd2 g4 49. Ke3 f5 50. Rf8 Rxa7 51. Rxf5 Ra5 52.
Kf4 Kg6 53. Rg5+ Kf6 54. Rf5+ Ke6 55. Re5+ Kd6 56. Rg5 Ra4+ 57. Ke3 Kc5 58.
Rxg7 Ra3+ 59. Ke2 g3 60. Kf1 Re3 61. Kg2 Kc4 62. Rc7+ Kd3 63. Kf1 d4 64. Ra7
Kc2 65. Rc7+ Rc3 66. Ra7 Kd2 67. Kg2 Kc2 68. Ra2+ Kb3 69. Ra1 Re3 70. Rd1 Kc3
71. Rc1+ Kd2 72. Ra1 d3 73. Kf1 Kc2 74. Ra2+ Kb3 75. Ra1 d2 76. Rd1 Kc2 77. Ra1
Re1+ 0-1

[Event "26. Torneo Collado Villalba B"]
[Site "Collado Villalba ESP"]
[Date "2009.08.28"]
[Round "8.10"]
[White "Perez Alvarez, Javier"]
[Black "Arranz Maurelle, Gustavo"]
[Result "0-1"]
[WhiteElo "1736"]
[BlackElo "1816"]
[PlyCount "58"]
[EventDate "2009.08.21"]
[EventType "swiss"]
[EventRounds "9"]
[EventCountry "ESP"]
[Source "lmi"]
[SourceDate "2009.08.21"]

1. e4 d6 2. d4 Nf6 3. Nc3 g6 4. f3 Bg7 5. Be3 O-O 6. Qd2 c6 7. g4 b5 8. h4 h5
9. g5 Ne8 10. f4 b4 11. Nce2 Qa5 12. Bh3 Ba6 13. f5 Kh7 14. Nf3 c5 15. O-O Nc6
16. Rf2 Bxe2 17. Rxe2 cxd4 18. Nxd4 Ne5 19. fxg6+ fxg6 20. Rf2 Nc7 21. b3 Nf3+
22. Rxf3 Rxf3 23. Nxf3 Bxa1 24. Nd4 Rf8 25. Nc6 Qb5 26. Nxe7 Qe5 27. Nd5 Nxd5
28. exd5 Bc3 29. Qd3 Rf3 0-1

[Event "26. Torneo Collado Villalba B"]
[Site "Collado Villalba ESP"]
[Date "2009.08.28"]
[Round "8.11"]
[White "Garcia Burguillo, Javier"]
[Black "Morona Minguez, Irene"]
[Result "1/2-1/2"]
[WhiteElo "1702"]
[BlackElo "1813"]
[PlyCount "107"]
[EventDate "2009.08.21"]
[EventType "swiss"]
[EventRounds "9"]
[EventCountry "ESP"]
[Source "lmi"]
[SourceDate "2009.08.21"]

1. e4 c5 2. f4 d5 3. exd5 Nf6 4. Bb5+ Bd7 5. Bxd7+ Qxd7 6. c4 e6 7. dxe6 Qxe6+
8. Qe2 Bd6 9. Qxe6+ fxe6 10. Ne2 Nc6 11. O-O O-O-O 12. Nbc3 Nb4 13. Rb1 Nd3 14.
a3 Bc7 15. b4 Nxc1 16. Rfxc1 cxb4 17. axb4 Rxd2 18. Rd1 Rhd8 19. Rxd2 Rxd2 20.
h3 Ne4 21. Rd1 Rb2 22. Nxe4 Rxe2 23. Nd6+ Bxd6 24. Rxd6 Re4 25. b5 Rxf4 26.
Rxe6 Rxc4 27. Re7 Rc7 28. Re8+ Kd7 29. Ra8 b6 30. Rh8 h6 31. Rf8 Ke7 32. Rf3
Kd6 33. Kf2 Ke6 34. Ke2 Rc2+ 35. Kf1 Rc5 36. Ra3 Rf5+ 37. Ke2 Rf7 38. Re3+ Kd5
39. g4 Kc5 40. Re5+ Kd6 41. Rh5 Rf6 42. Ke3 Rg6 43. Kf4 Rf6+ 44. Ke4 g5 45. h4
Rf4+ 46. Ke3 Rxg4 47. Rxh6+ Kc5 48. hxg5 Kxb5 49. g6 a5 50. Kf3 Rg1 51. Kf4 a4
52. Rh5+ Kb4 53. Rg5 Rxg5 54. Kxg5 1/2-1/2

[Event "26. Torneo Collado Villalba B"]
[Site "Collado Villalba ESP"]
[Date "2009.08.28"]
[Round "8.12"]
[White "Monmeneu Chulia, Vicente Juan"]
[Black "Juberias Guillen, Paloma"]
[Result "0-1"]
[WhiteElo "1999"]
[BlackElo "1556"]
[PlyCount "78"]
[EventDate "2009.08.21"]
[EventType "swiss"]
[EventRounds "9"]
[EventCountry "ESP"]
[Source "lmi"]
[SourceDate "2009.08.21"]

1. d4 d5 2. c4 e6 3. Nc3 c6 4. e3 Nf6 5. Nf3 Nbd7 6. Qc2 Be7 7. b3 O-O 8. Bd3
dxc4 9. Bxc4 b5 10. Bd3 a6 11. Ne4 Bb7 12. Nxf6+ Nxf6 13. Bd2 Rc8 14. b4 h6 15.
a3 Nd7 16. O-O Bf6 17. Bc3 Re8 18. Bh7+ Kh8 19. Be4 e5 20. dxe5 Nxe5 21. Nxe5
Bxe5 22. Bxe5 Rxe5 23. Rad1 Qe7 24. Bf5 Rc7 25. Rd2 g6 26. Qc3 Kh7 27. Bb1 c5
28. Rc1 Rc8 29. Qb3 c4 30. Qc3 Rh5 31. Rcd1 Qh4 32. h3 Bxg2 33. Rd7 Rf8 34.
R1d6 Be4 35. Bxe4 Qxe4 36. Rd8 Rxh3 37. Kf1 Rh1+ 38. Ke2 Qg4+ 39. f3 Qg2# 0-1

[Event "26. Torneo Collado Villalba B"]
[Site "Collado Villalba ESP"]
[Date "2009.08.28"]
[Round "8.13"]
[White "Saez Gabikagogeaskoa, Oscar"]
[Black "Vaquerizo Calvo, Miguel A"]
[Result "0-1"]
[WhiteElo "1999"]
[BlackElo "1713"]
[PlyCount "48"]
[EventDate "2009.08.21"]
[EventType "swiss"]
[EventRounds "9"]
[EventCountry "ESP"]
[Source "lmi"]
[SourceDate "2009.08.21"]

1. e4 c5 2. Nf3 d6 3. d4 cxd4 4. Nxd4 Nf6 5. Nc3 g6 6. Be3 Bg7 7. f3 O-O 8. Qd2
Nc6 9. h4 h5 10. Bc4 Bd7 11. O-O-O Ne5 12. Bb3 Qa5 13. Kb1 Rfc8 14. Nd5 Qxd2
15. Rxd2 Nxd5 16. exd5 Nc4 17. Bxc4 Rxc4 18. b3 Rc7 19. c4 a6 20. Bg5 b5 21.
cxb5 axb5 22. Rc1 Rca7 23. Nc6 Bf5+ 24. Rcc2 Rxa2 0-1

[Event "26. Torneo Collado Villalba B"]
[Site "Collado Villalba ESP"]
[Date "2009.08.28"]
[Round "8.14"]
[White "Soler Polo, Diego"]
[Black "Alvarez Serrano, Carlos"]
[Result "0-1"]
[WhiteElo "1895"]
[BlackElo "1715"]
[PlyCount "22"]
[EventDate "2009.08.21"]
[EventType "swiss"]
[EventRounds "9"]
[EventCountry "ESP"]
[Source "lmi"]
[SourceDate "2009.08.21"]

1. e4 e6 2. Nf3 d5 3. exd5 exd5 4. d4 Bd6 5. Bd3 Ne7 6. O-O O-O 7. Nc3 c6 8.
Ng5 Bf5 9. Bxf5 Nxf5 10. Qh5 h6 11. Nh7 g6 0-1

[Event "26. Torneo Collado Villalba B"]
[Site "Collado Villalba ESP"]
[Date "2009.08.28"]
[Round "8.15"]
[White "Gonzalez Del Valls, Javier"]
[Black "Casas Rios, Ramon"]
[Result "1/2-1/2"]
[WhiteElo "1731"]
[BlackElo "1879"]
[PlyCount "86"]
[EventDate "2009.08.21"]
[EventType "swiss"]
[EventRounds "9"]
[EventCountry "ESP"]
[Source "lmi"]
[SourceDate "2009.08.21"]

1. e4 c6 2. d4 d5 3. Nc3 dxe4 4. Nxe4 Bf5 5. Ng3 Bg6 6. h4 h6 7. Nf3 Nd7 8. h5
Bh7 9. Bd3 Bxd3 10. Qxd3 e6 11. Bf4 Qa5+ 12. Bd2 Bb4 13. Ne4 Bxd2+ 14. Qxd2 Qd5
15. Ng3 Ngf6 16. c3 Ne4 17. Nxe4 Qxe4+ 18. Qe2 Nf6 19. Qxe4 Nxe4 20. Ke2 Rd8
21. Rhg1 O-O 22. Ne5 c5 23. Rad1 cxd4 24. Rxd4 Rxd4 25. cxd4 Rc8 26. Ke3 Nd6
27. Kd3 f6 28. Nf3 Kf7 29. Re1 Rd8 30. Rd1 Nb5 31. Kc4 Nd6+ 32. Kd3 Rd7 33. b3
Nf5 34. Ke4 Ne7 35. Rc1 Nd5 36. g4 Rc7 37. Rxc7+ Nxc7 38. Nd2 Ke7 39. Nc4 Kd7
40. a4 Ne8 41. d5 exd5+ 42. Kxd5 Nc7+ 43. Kd4 Ke6 1/2-1/2

[Event "26. Torneo Collado Villalba B"]
[Site "Collado Villalba ESP"]
[Date "2009.08.28"]
[Round "8.17"]
[White "Garcia Lopez, Fernando"]
[Black "Corbinos Cuartero, Manuel A"]
[Result "0-1"]
[WhiteElo "1679"]
[BlackElo "1864"]
[PlyCount "62"]
[EventDate "2009.08.21"]
[EventType "swiss"]
[EventRounds "9"]
[EventCountry "ESP"]
[Source "lmi"]
[SourceDate "2009.08.21"]

1. e4 c5 2. Nf3 d6 3. d4 cxd4 4. Nxd4 Nf6 5. Nc3 a6 6. Bg5 e6 7. f4 Be7 8. Qf3
Qc7 9. O-O-O Nbd7 10. g4 b5 11. Bxf6 Bxf6 12. g5 Bxd4 13. Rxd4 O-O 14. Bg2 Bb7
15. h4 Qb6 16. Rhd1 Nc5 17. Rxd6 Qa5 18. Kb1 b4 19. Nd5 exd5 20. exd5 Qc7 21.
Rc6 Bxc6 22. dxc6 Rad8 23. f5 Rxd1+ 24. Qxd1 Rd8 25. Qf1 Qd6 26. Bf3 Ne4 27.
Qh1 Nd2+ 28. Kc1 Nxf3 29. Qxf3 Qd2+ 30. Kb1 Qe1+ 31. Qd1 Qxd1# 0-1

[Event "26. Torneo Collado Villalba B"]
[Site "Collado Villalba ESP"]
[Date "2009.08.28"]
[Round "8.18"]
[White "Fernandez Gil, Ruben Carlos"]
[Black "Madurga Lopez, Ignacio"]
[Result "0-1"]
[WhiteElo "1596"]
[BlackElo "1816"]
[PlyCount "68"]
[EventDate "2009.08.21"]
[EventType "swiss"]
[EventRounds "9"]
[EventCountry "ESP"]
[Source "lmi"]
[SourceDate "2009.08.21"]

1. e4 c5 2. Nf3 d6 3. Bb5+ Bd7 4. Bxd7+ Qxd7 5. O-O e5 6. c3 g6 7. d4 Bg7 8.
Be3 b6 9. a3 Qc6 10. dxe5 dxe5 11. Qd3 f5 12. Rd1 Nd7 13. Qd5 Qxd5 14. exd5 f4
15. Bc1 c4 16. Ng5 Nc5 17. Nd2 h6 18. Nge4 Nxe4 19. Nxe4 O-O-O 20. Rb1 Ne7 21.
d6 Nf5 22. b3 cxb3 23. a4 Kd7 24. Ba3 Rc8 25. Rxb3 Rc4 26. Rb4 Rhc8 27. g4 Nh4
28. Rd3 Rxb4 29. Bxb4 a5 30. Ba3 Rc4 31. Nd2 Rxa4 32. c4 e4 33. Rb3 e3 34. fxe3
fxe3 0-1

[Event "26. Torneo Collado Villalba B"]
[Site "Collado Villalba ESP"]
[Date "2009.08.28"]
[Round "8.19"]
[White "Rubio Campos, Juan"]
[Black "Benito Alba, Eladio"]
[Result "1/2-1/2"]
[WhiteElo "1676"]
[BlackElo "1807"]
[PlyCount "53"]
[EventDate "2009.08.21"]
[EventType "swiss"]
[EventRounds "9"]
[EventCountry "ESP"]
[Source "lmi"]
[SourceDate "2009.08.21"]

1. e4 c6 2. d4 d5 3. Nd2 dxe4 4. Nxe4 Bf5 5. Ng3 Bg6 6. h4 h6 7. Nf3 Nd7 8. h5
Bh7 9. Bd3 Bxd3 10. Qxd3 e6 11. Bd2 Qc7 12. O-O-O Ngf6 13. Ne4 Nxe4 14. Qxe4
Nf6 15. Qe2 O-O-O 16. c4 c5 17. Bc3 cxd4 18. Nxd4 a6 19. Kb1 Bc5 20. a3 Bxd4
21. Bxd4 Qc6 22. f3 Rd7 23. Bxf6 gxf6 24. Rxd7 Kxd7 25. Qd3+ Qd6 26. Rd1 Qxd3+
27. Rxd3+ 1/2-1/2

[Event "26. Torneo Collado Villalba B"]
[Site "Collado Villalba ESP"]
[Date "2009.08.28"]
[Round "8.21"]
[White "Cabrera Fernandez, Daniel"]
[Black "Andres Garcia, Vicente"]
[Result "1-0"]
[WhiteElo "1588"]
[BlackElo "1738"]
[PlyCount "53"]
[EventDate "2009.08.21"]
[EventType "swiss"]
[EventRounds "9"]
[EventCountry "ESP"]
[Source "lmi"]
[SourceDate "2009.08.21"]

1. e4 c5 2. Nf3 d6 3. c3 e6 4. d4 cxd4 5. cxd4 Nf6 6. Nc3 Be7 7. Bd3 Nbd7 8.
O-O O-O 9. e5 dxe5 10. dxe5 Ne8 11. Ne4 Qc7 12. Neg5 g6 13. Bf4 Bxg5 14. Nxg5
Nxe5 15. Rc1 Qa5 16. b4 Qd5 17. Be4 Qxd1 18. Rfxd1 Ng4 19. f3 Ngf6 20. Rd8 Ng7
21. Rxf8+ Kxf8 22. Rc7 Nxe4 23. fxe4 a5 24. Nxh7+ Kg8 25. Nf6+ Kh8 26. Rxf7 Nh5
27. Rh7# 1-0